Analýza peňažných príjmov a výdavkov slovenských domácností

Vývoj čistých peňažných príjmov domácností v SR v období rokov 2000-2005. Výraznejšie zmeny v podiele čistých príjmov z pracovnej činnosti a v podiele sociálnych príjmov na celkových čistých príjmoch. Sledované skupiny domácností - domácnosti zamestnancov, domácnosti samostatne zárobkovo činných osô...

Full description

Saved in:
Bibliographic Details
Main Author: Sušienková, Katarína, 1967-
Format: Book Chapter
Language:Slovak
Subjects:
Tags: Add Tag
No Tags, Be the first to tag this record!

MARC

LEADER 00000nla$a2200000$$$4500
001 0060578
005 20240502071654.1
041 0 |a slo 
044 |a SK 
245 1 0 |a Analýza peňažných príjmov a výdavkov slovenských domácností  |c Katarína Sušienková 
520 |a Vývoj čistých peňažných príjmov domácností v SR v období rokov 2000-2005. Výraznejšie zmeny v podiele čistých príjmov z pracovnej činnosti a v podiele sociálnych príjmov na celkových čistých príjmoch. Sledované skupiny domácností - domácnosti zamestnancov, domácnosti samostatne zárobkovo činných osôb a domácnosti dôchodcov. Spotrebné výdavky slovenských domácností. Výsledky uskutočnených analýz. 
610 2 0 |a štatistika 
610 2 0 |a domácnosti 
610 2 0 |a príjmy peňažné 
610 2 0 |a príjmy sociálne 
610 2 0 |a zamestnanci 
610 2 0 |a dôchodcovia 
610 2 0 |a výdavky 
610 2 0 |a spotreba domácností 
610 2 0 |a Slovensko 
100 1 |a Sušienková, Katarína, 1967-